|
|
|
|
| LEADER |
00000cam a2200000 7i4500 |
| 001 |
0000008942 |
| 002 |
000009743 |
| 005 |
20161214.0 |
| 020 |
|
|
|a 9678907402
|
| 090 |
0 |
0 |
|a 346.595045
|b MAL
|
| 100 |
0 |
|
|a Malaysia
|
| 245 |
0 |
0 |
|a Akta perancangan bandar dan desa 1976 (Akta 172)
|c disusun oleh Lembaga Penyelidikan Undang-Undang
|
| 260 |
|
|
|a Kuala Lumpur :
|b International Law Book Services ,
|c 1996, 2001
|
| 300 |
|
|
|a 75p. ;
|c 25cm.
|
| 490 |
0 |
|
|a Undang-Undang Malaysia
|
| 500 |
|
|
|a Mengandungi semua panduan bandar dan desa 1976 (Akta 172)
|
| 500 |
|
|
|a Semua pindaan hingga 10 April, 2001
|
| 650 |
0 |
0 |
|a Akta Perancangan Bandar Dan Desa 1976(Akta 172)
|z Malaysia
|
| 650 |
0 |
0 |
|a City planning
|z Malaysia
|
| 710 |
2 |
|
|a Lembaga Penyelidikan Undang-Undang
|
| 999 |
|
|
|a 00072883
|b AKTA - KOLEKSI UNDANG-UNDANG
|c AKTA
|e PERPUSTAKAAN KOMUNITI PETALING JAYA
|